00467nam a2200169Ia 4500003000900000008004100009020001600050040001600066080001900082100002400101245006300125260004600188300001600234650001100250650001900261700001700280IN-BaIIA211028s9999 xx 000 0 eng d a03-075385-6 cIIA Library a535.215.2bSIN aSinclair, Douglas C 0aGas laser technologycDouglas C. Sinclair and Eral W. Bell aNew YorkbHolt Rinehard and Winstonc1969 axiii, 161p. aLasers aNASA Thesaurus aBell, Eral W